Méthode de la science politique

I tiakina i:
Ngā taipitopito rārangi puna kōrero
Kaituhi matua: Burdeau, Georges (Author)
Hōputu: Pukapuka
Reo:Wīwī
I whakaputaina: París Dalloz 1959
Rangatū:Etudes Politiques, Economiques et Sociales
Ngā marau:
Ngā Tūtohu: Tāpirihia he Tūtohu
Kāore He Tūtohu, Me noho koe te mea tuatahi ki te tūtohu i tēnei pūkete!

MARC

LEADER 00000nam a2200000 a 4500
001 UCT6264
003 CL-VaPUC
008 970106e19590000FR |||||||||||||||||fre|d
082 0 4 |a 320.011  |b BUR  |2 21 
100 0 |a Burdeau, Georges  |e author  |9 376224 
245 1 0 |a Méthode de la science politique 
300 |a 495 p 
942 |c BK 
945 |d 19970106 00:00:00  |a paguirre 
260 |a París  |b Dalloz  |c 1959 
650 0 |a Ciencias Políticas  |9 255201 
650 0 |a Política  |9 255312 
650 7 |a TEORIA POLITICA  |2 CL-VaPUC  |9 376225 
650 0 |a Doctrinas políticas  |9 255835 
650 0 |a Ciencias sociales   |9 256351 
650 0 |a Etica política   |9 255799 
583 |a last modification  |c 19970106 00:00:00  |k Rodrigo Vera 
490 0 |a Etudes Politiques, Economiques et Sociales 
999 |c 254979  |d 254977 
952 |0 0  |1 0  |4 0  |6 320_011000000000000_BUR_1959  |7 0  |8 A  |9 276985  |a BIBDER  |b BIBDER  |d 2019-11-19  |i 1801171  |o 320.011 BUR 1959  |p 1801171  |r 2023-01-25  |w 2019-11-19  |y BK  |k DER